Flags of Russian Autonomous Republics - Statistics

General Stats
  • This quiz has been taken 788 times
  • The average score is 13 of 22
Answer Stats
Picture Answer % Correct
Chechnya
78%
Dagestan
77%
Tatarstan
74%
Tuva
74%
Crimea
73%
North Ossetia
73%
Sakha
65%
Ingushetia
62%
Karelia
59%
Altai Republic
58%
Adygea
57%
Mari El
56%
Buryatia
55%
Kalmykia
55%
Udmurtia
54%
Bashkortostan
53%
Chuvashia
51%
Komi
50%
Mordovia
49%
Kabardino-Balkaria
47%
Karachay-Cherkessia
44%
Khakassia
40%
No matching quizzes found
Score Distribution
Percent of People with Each Score
Percentile by Number Answered
Your Score History
You have not taken this quiz